000 01245cam a2200253 a 4500
005 20260112063232.0
020 _a9780761936053 (hard back)
039 _a200908030512
_bstaff
_c200908030508
_d staff
_y 200908030508
_z staff
050 _a338.954
_bAHM
082 _a338.954
_bAHM
100 _aAhmed, Sadiq.
245 _aIndia's long-term growth experience :
_blessons and prospects /
_cSadiq Ahmed.
260 _aLos Angeles ;
_aNew Delhi :
_bSAGE Publications,
_cc2007.
300 _a102 p. :
_bill. (some col.) ;
_c23 cm.
504 _aIncludes bibliographical references (p. [91]-96) and index.
505 _aIndia's emerging global significance : can growth accelerate further? -- Evolution of India's long-term growth -- Determinants of growth -- Policy framework for supporting growth -- Emerging constraints to sustained high growth.
650 _aStructural adjustment (Economic policy)
_z India.
651 _aIndia
_x Economic policy
_y 1980-
651 _aIndia
_x Economic conditions
_y 1991-
856 _Table of contents only
_u http://www.loc.gov/catdir/toc/ecip079/2007003522.html
991 _aVIRTUA40
991 _aVTLSSORT0080*0200*0500*0820*1000*2450*2600*3000*5040*5050*6500*6510*6511*8560*9991
909 _a1036
999 _c1022
_d1022